Zawodnicy Prime MMA - Statystyki

Ogólne statystyki
  • Ten quiz został rozwiązany 158 razy
    34 od ostatniego zresetowania
  • Średni wynik to 90 z 141
Statystyki odpowiedzi
Gala Zawodnik % Poprawnych
Prime MMA 1,2,6,7,9 Dawid "Ambro" Ambroziak
100%
Prime MMA 1,2,5,7,8 Jan "Jaś Kapela" Kapela
100%
Prime MMA 1,4,5,6,8 Kasjusz "Don Kasjo" Życiński
100%
Prime MMA 1,3,4,8 Łukasz "Kamerzysta" Wawrzyniak
100%
Prime MMA 1 Marek "Kruszwil" Kruszel
100%
Prime MMA 1,3,4 Adrian Cios
96%
Prime MMA 9 Daniel "Magical" Zwierzyński
96%
Prime MMA 1 Mateusz "Muran" Murański
96%
Prime MMA 2,3,4,5,6,7,8 Michał "Bagietka, Bagieta 2.0" Gorzelańczyk
96%
Prime MMA 1,2,3,5 Sebastian "Ztrolowany" Nowak
96%
Prime MMA 1,3,7,8 Jakub Lasik
93%
Prime MMA 2,3,6 Maciej Rataj
93%
Prime MMA 5,7,8 Paweł "Prezes FEN" Jóźwiak
93%
Prime MMA 1,3,8,9 Wioletta "Wiolka" Kotelecka
93%
Prime MMA 5 Dominik "Japoński Drwal" Zadora
89%
Prime MMA 4,5 Ewa "Tygrysica" Piątkowska
89%
Prime MMA 8,9 Maciej "Kaczor BRS" Kaczmar
89%
Prime MMA 9 Małgorzata "Gocha" Zwierzyńska
89%
Prime MMA 2 Norman "Stormin" Parke
89%
Prime MMA 1,8 Rafał Pazik
89%
Prime MMA 3,4,5,6,7,8 Tomasz Olejnik
89%
Prime MMA 1 Alan "Alanik" Kwieciński
85%
Prime MMA 8 Arkadiusz Tańcula
85%
Prime MMA 2,4 Damian "Stifler" Zduńczyk
85%
Prime MMA 8 Dariusz "Daro Lew" Kaźmierczuk
85%
Prime MMA 1,2 Jakub "Hecman" Rygiel
85%
Prime MMA 9 Kamil "Taazy" Mataczyński
85%
Prime MMA 2,4 Konrad "Skolim" Skolimowski
85%
Prime MMA 2 Marcin "Polish Zombie" Wrzosek
85%
Prime MMA 7,9 Natan "Bóg Estetyki, Kraken" Marcoń
85%
Prime MMA 5,7 Patryk "Wielki Bu" Masiak
85%
Prime MMA 1,2,6 Paweł "Tybori, Księżniczka" Tyburski
85%
Prime MMA 9 Robert "Sutonator" Pasut
85%
Prime MMA 1 Ziemowit "Piast" Kossakowski
85%
Prime MMA 2,4,6 Adam Soroko
81%
Prime MMA 6,8 Damian "Dzik" Graf
81%
Prime MMA 3,4,8 Patryk "Robalini" Śliwa
81%
Prime MMA 5,6,7,8,9 Ronaldo "Czarny Polak" Miranda
81%
Prime MMA 2 Sergine "Bombardier" Ousmane Dia
81%
Prime MMA 1,5,7 Adrian "Puszbarber, Puszbarbie" Salwa
78%
Prime MMA 5,6,9 Damian "The Karpi" Kasprzak
78%
Prime MMA 3 Daniel "Rutek" Rutkowski
78%
Prime MMA 2,3 Dominika Rybak
78%
Prime MMA 2,5,6 Grzegorz "Szuli" Szulakowski
78%
Prime MMA 1 Julia "Queen of the Black" Pelc
78%
Prime MMA 4 Kamila "Zusje" Smogulecka
78%
Prime MMA 9 Katarzyna "Laluna" Alexander
78%
Prime MMA 1,5 Łukasz Lupa
78%
Prime MMA 4 Paweł "Popek Monster" Mikołajuw
78%
Prime MMA 1 Adrian "Medusa" Salamon
74%
Prime MMA 1 Aleksandra Okrzesik
74%
Prime MMA 4 Aleksandr "Sasha" Muzheiko
74%
Prime MMA 1 Dawid Narożny
74%
Prime MMA 4 Emilian "Księciunio" Bayer
74%
Prime MMA 9 Ewa "Kleo" Brodnicka
74%
Prime MMA 6,7 Grzegorz "Hellboy" Głuszcz
74%
Prime MMA 5,6,7 Jacek "Stary Muran" Murański
74%
Prime MMA 7,8,9 Łukasz "Magical Jr." Malankowski
74%
Prime MMA 9 Marcin "Rafonix" Krasucki
74%
Prime MMA 3,5,6 Mateusz "Tarzan" Leśniak
74%
Prime MMA 2,4 Piotr "Peter" Kałuski
74%
Prime MMA 7,8 Tomasz "Chic" Galewski
74%
Prime MMA 9 Aneta "Mama Mopsa" Bronowicz
70%
Prime MMA 4 Anna "Anna IFBB PRO" Andrzejewska
70%
Prime MMA 6,8 Dominik Skowyra
70%
Prime MMA 7,8 Hubert "Dredziasty" Węzka
70%
Prime MMA 2 Jan "Pacio" Patecki
70%
Prime MMA 6,7 Maciej "Stary Wiewiór" Wiewiórka
70%
Prime MMA 8 Maciej "Wujek Samo Zło" Gnatowski
70%
Prime MMA 3,7 Michał Cichy
70%
Prime MMA 1 Michał "Sobota" Sobolewski
70%
Prime MMA 2,3 Mikołaj "Vandal" Rdzanek
70%
Prime MMA 4 Monika "Esmeralda" Godlewska
70%
Prime MMA 3 Piotr Pająk
70%
Prime MMA 8 Przemysław "Kolar" Kolarczyk
70%
Prime MMA 1 Sergiusz Zając
70%
Prime MMA 3 Dagmara Szewczyk
67%
Prime MMA 5 Ernest "Red" Ivanda
67%
Prime MMA 5,6 Kacper "Polish Machine" Miklasz
67%
Prime MMA 3 Paulina Hornik
67%
Prime MMA 6,9 Erwin Burzyński
63%
Prime MMA 3 Iliya "McKsiąże" Dzhybladze
63%
Prime MMA 7 Patrycja "Natalie Wayne" Przytuła
63%
Prime MMA 6 Rafał "Jeb" Jackiewicz
63%
Prime MMA 8 (Odwołane) Hubert Dajczman
59%
Prime MMA 8 Jakub "Japczan" Piotrowicz
59%
Prime MMA 8,9 Jakub "Paramaxil" Frączek
59%
Prime MMA 2,3 Kacper "Kajmano" Kabara
59%
Prime MMA 2 Klaudia "Klaudusiek" Kapuśniak
59%
Prime MMA 8 Krystian "Krycha" Wilczak
59%
Prime MMA 3 Magdalena "Maluba" Lubacz
59%
Prime MMA 2 Marcin "Mielonidas" Makowski
59%
Prime MMA 7,8 Marek "Kirimasu" Jówko
59%
Prime MMA 3 Martyna "Pysia" Zbirańska
59%
Prime MMA 5,7 Paweł "Trybson" Trybała
59%
Prime MMA 4 Rafał "Sportowy Świr" Gawron
59%
Prime MMA 4 Adam "Młody Łowca Skór" Okniński
56%
Prime MMA 7 Andrzej "Żurom" Żuromski
56%
Prime MMA 4 Artur "Kornik" Sowiński
56%
Prime MMA 9 (Odwołane) Bartosz "Noras" Iwanowski
56%
Prime MMA 5 Daniel "Hunter" Więcławski
56%
Prime MMA 7 Erko "The Bounty Hunter" Jun
56%
Prime MMA 6,9 Mateusz "Mister Matii" Górski
56%
Prime MMA 8 Paulina Porzucek
56%
Prime MMA 7 Dawid "Harnaś" Haras
52%
Prime MMA 2 (Odwołane) Gabriel "Arab" Al-Sulwi
52%
Prime MMA 9 Mateusz "Mavs" Szczypior
52%
Prime MMA 6 Alexander "The Bestia" Gross-Kiran
48%
Prime MMA 9 Karolina "Zupeczka" Gackowska
48%
Prime MMA 5 Łukasz Karpiński
48%
Prime MMA 3 Maciej "Big Jack" Jarema
44%
Prime MMA 2 Szymon "Goryl" Pilanc
44%
Prime MMA 3 Jakub "Kubaoxo" Armada
41%
Prime MMA 7 Bernadeta "Bouncing Betty" Urbańska
37%
Prime MMA 9 Jakub "Jay" Wiśniewski
37%
Prime MMA 9 Mateusz "Mati MMA" Szczepaniak
37%
Prime MMA 9 (Odwołane) Cezary Oleksiejczuk
33%
Prime MMA 8 Katarzyna "Zajaffka" Kubiak
33%
Prime MMA 8 (Odwołane) Monika "Najlepsza Polska Dziennikarka" Laskowska
33%
Prime MMA 1 Paweł Całkowski
33%
Prime MMA 5 (Odwołane) Sonic "Sony" Valeranov
33%
Prime MMA 6,8 Aleksandra "Ms. Danielka" Daniel
30%
Prime MMA 5 (Odwołane) Sandra "Sandra S" Szymoszyn
30%
Prime MMA 8 Sandra Smoroń
30%
Prime MMA 6 Artur "Głuchy" Głuchowski
26%
Prime MMA 2 Mateusz "Milu" Mil
26%
Prime MMA 2 Mikołaj Jędruszczak
26%
Prime MMA 1 Oliwia Sadkowska
26%
Prime MMA 9 Patryk "Irion" Pieńczykowski
22%
Prime MMA 3 Jan "Little Johnny" Kempisty
19%
Prime MMA 8 (Odwołane) Kacper "EV" Majchrowski
19%
Prime MMA 1 (Odwołane) Klaudia "Nikol" Kamińska
19%
Prime MMA 6 Patrycja Izydorczyk
19%
Prime MMA 9 (Odwołane) Dariusz Rutkiewicz
15%
Prime MMA 6 (Odwołane) Hubert "Protipper" Bąk
15%
Prime MMA 9 (Odwołane) Przemysław "Sportowy Brat" Liczkowski
15%
Prime MMA 7 Marcin Wichowski
11%
Prime MMA 7 Rafał "Rafikmen" Cheliński
11%
Prime MMA 7 (Odwołane) Tomasz "Prezes Prime" Bezrąk
11%
Ogłoszony Artur "Arturo Boxer" Tatosyan
7%
Prime MMA 8 Klaudia Szponar
7%
Nie znaleziono quizów pasujących do podanych kryteriów
Rozkład punktacji
Procent ludzi z każdym wynikiem
Percentyl według liczby udzielonych odpowiedzi
Twoja historia wyników
Nie rozwiązałeś tego quizu od ostatniego zresetowania